| 000 | 00414nam a2200133Ia 4500 | ||
|---|---|---|---|
| 005 | 20260328101516.0 | ||
| 008 | 260328s9999||||xx |||||||||||||| ||und|| | ||
| 100 | _aWu, Nelson I. | ||
| 245 | 0 |
_aChinese and Indian Architecture : _b The City of Man, the Mountain of God and the Realm of the Immortals / _cNelson I. Wu |
|
| 260 | _bGeorge Brazilier | ||
| 300 | _a128 p. | ||
| 650 | _aARQUITECTURA REGIONAL | ||
| 942 | _cBK | ||
| 999 |
_c9391 _d9391 |
||